000 00519nam a2200181Ia 4500
005 20250923150048.0
008 008 250917s9999 xx 000 0 eng d
037 _aTextual
040 _aDSWL
_beng
_cDSWL
041 _aeng
_2eng
084 _aL9C, N92
_qDSWL
100 _aGhosh, Shanti
_9841800
245 4 _aThe feeding and care of infants and young children
_c by ShantiGhosh
260 _aNew Delhi
_b NHAI
_c1991
300 _a187p.
942 _cTEXL
_hL9C, N92
999 _c1459126
_d1459126